| 000 | 00827nam a2200217 a 4500 | ||
|---|---|---|---|
| 003 | 0 | ||
| 005 | 20250213124038.0 | ||
| 008 | 120723s19uu xx 00 eng d | ||
| 050 |
_aPGS GV 1469.2 _b.Su962 2012 |
||
| 100 | _aSurrier, Priscilla. | ||
| 245 |
_aPersonal profiles and computer/internet addiction of grade 4-6 SISC students / _cPriscilla Surrier. |
||
| 260 |
_aLas PiƱas City, Philippines : _bSouthville International School and Colleges, _c2012. |
||
| 300 |
_a24 pages : _billustrations ; _c28 cm. |
||
| 504 | _aIncludes bibliographical references. | ||
| 650 | _aInternet addiction in children. | ||
| 650 | _aComputer addiction in children. | ||
| 650 | _aSocial media addiction. | ||
| 650 |
_aAddictive behavior _vSocial aspects. |
||
| 650 |
_aChild development _vPsychological aspects. |
||
| 942 |
_2lcc _cPASS |
||
| 999 |
_c98766 _d98766 |
||